LEADER 02020cam0 2200325 450 001 E600200015165 005 20130617103718.0 100 $a20051206d2005 |||||ita|0103 ba 101 $aita 102 $aIT 200 1 $aDiritto processuale civile$fCrisanto Mandrioli$gVol.I$c: Nozioni introduttive e disposizioni generali$c;Vol. II$c: Il processo di cognizione$c;Vol.III$c: I procedimenti speciali di cognizione e i giudizi arbitrali$gVol. IV$eL'esecuzione forzata. I procedimenti speciali non cognitori. Procedimenti cautelari - Giurisdizione volontaria 205 $a17. ed 210 $aTorino$cGiappichelli$d2005 215 $a4 v.$d25 cm 700 1$aMandrioli$b, Crisanto$3A600200028689$4070$0227204 801 0$aIT$bUNISOB$c20130617$gRICA 850 $aUNISOB 852 $aUNISOB$jGiurisprudenza|A|S$m127902 852 $aUNISOB$jGiurisprudenza|A|S$m127903 852 $aUNISOB$jGiurisprudenza|A|S$m127904 852 $aUNISOB$jGiurisprudenza|A|S$m127905 912 $aE600200015165 940 $aM 102 Monografia moderna SBN 941 $aM 957 $aGiurisprudenza|A|S$b000087$i-1$fconsultabile nell'aula studio della Facoltà di Giurisprudenza$gNo$d127902$hGiurisprudenzaAS$racquisto$1catenacci$2UNISOB$3UNISOB$420051206090524.0$520150120093432.0$6catenacci 957 $aGiurisprudenza|A|S$b000087$i-2$fconsultabile nell'aula studio della Facoltà di Giurisprudenza$gNO$d127903$hGiurisprudenzaAS$racquisto$1catenacci$2UNISOB$3UNISOB$420130617103521.0$520150120093445.0$6catenacci 957 $aGiurisprudenza|A|S$b000087$i-3$fconsultabile nell'aula studio della Facoltà di Giurisprudenza$gNO$d127904$hGiurisprudenzaAS$racquisto$1catenacci$2UNISOB$3UNISOB$420130617103559.0$520150120093457.0$6catenacci 957 $aGiurisprudenza|A|S$b000087$i-4$fconsultabile nell'aula studio della Facoltà di Giurisprudenza$gNO$d127905$hGiurisprudenzaAS$racquisto$1catenacci$2UNISOB$3UNISOB$420130617103628.0$520150120093508.0$6catenacci 996 $aDiritto processuale civile$912669 997 $aUNISOB